00936cam a22002771 4500001001300000003000400013005001700017008004100034010001700075035001800092040001900110042001200129050002300141100001700164245008500181260006700266300003600333410004700369500006000416500002900476504002800505650004100533650003300574700003400607999001700641gs 64000087 DLC20260227111413.0720222s1963 xx 000 0 eng  ags 64000087  a(OCoLC)245824 aDLCcOAkUdDLC apremarc00aQE185b.A43 no. 891 aHowie, R. D.10aBasement features of the Canadian Appalachians,cby R.D. Howie and L.M. Cumming. a[Ottawa]bDept. of Mines and Technical Surveys, Canadac[1963] ax, 18 p.bmaps (7 col.) tables.20aGeological Survey of Canada.tBulletinv89 aText, plates and fold. illustrative matter in slipcase. aAbstract also in French. aBibliography: p. 13-18. 0aGeology, StratigraphicyPrecambrian. 0aGeologyzMaritime Provinces.1 aCumming, L. M.ejoint author. c29793d29793